00383 2200157 4500001002100000005001500021035002000036245004100056100001800097300002600115260002800141082000800169084001400177020002200191990001200213INLIS00000000000296420250917020904 a0010-09250003111 aBest Friend Forever /cKhansa Akifah0 aKhansa Akifah a200 hlm ;c13 x 19 cm aJakarta :bZettu,c2013 a813 a813 KHA b a978-602-7735-88-0 a0755669